000 00993nas a2200313 4500
001 BR9001150
003 BR-BrBNA
005 20231205091831.0
007 ta
008 230509b bl.|||p| |||| 00| 00por d
040 _aBR-BrBNA
_bpor
_cBiblioteca Nacional de Agricultura
041 _a(Pt)
072 _aH10; P33
100 1 _aOliveira, L.J.
100 1 _aParra, J.R.P.
100 1 _aCruz, I.
245 1 _aNutricao quantitativa de lagarta-do-cartucho em milho cultivado para tres niveis de aluminio
246 1 _aQuantitative nutrition of fall armyworm in corn cultivated in soil corrected for three levels of aluminum
650 _aMILHO
650 _aLAGARTA
650 _aSOLO
650 _aANALISE QUIMICA
650 _aALUMINIO
650 _aCERRADO
650 _aSETE LAGOAS
773 0 _tPesquisa Agropecuaria Brasileira (Brazil)
_xISSN 0100-204X
_g(Feb 1990), v. 25(2) p. 235-241
_wBR9001150
909 _a202311
_bLúcia
_c55
_dLúcia Elande
942 _2AGRIS
_n0
_cANA
999 _c127642
_d127642